000 01178nam a22003017a 4500
001 BR7100562
003 BR-BrBNA
005 20230928083701.0
007 ta
008 230509b bl.||||| |||| 00| 0 por d
040 _aBR-BrBNA
_bpor
_cBiblioteca Nacional de Agricultura
041 _a(Por)
072 _aE30; E50; D10
_b/G514
090 _ E30 BR7100562
110 1 _aSERVICO Federal de Habitacao e Urbanismo, Rio de Janeiro, GB (Brasil)
_99342
245 1 _aRelatorio preliminar de desenvolvimento integrado. Municipio de Batalha, Alagoas [Desenvolvimento social; Desenvolvimento economico; Administracao publica; Brasil]
260 3 _aRio de Janeiro, GB (Brasil):
_c1971.
300 _a174 p.
500 _a41 tables; 21 ref.; Map, in portfolio, scale 1:8.000.000, 2 Maps, in portfolio, scale 1:1.300.000, Map, in portfolio, scale 1:500.000, 9 Maps, scale 1:200.000, 5 Maps, scale 1:10.000
650 _aPolitica de desenvolvimento
650 _aSociologia rural
650 _aAdministracao publica
650 _aDesenvolvimento social
650 _aDesenvolvimento economico
650 _aAlagoas
909 _a202309
_bLucia
_c55
_dLucia Elande
942 _cBK
999 _c14775
_d14775